<?xml version="1.0" encoding="UTF-8"?>
<collection xmlns="http://www.loc.gov/MARC21/slim">
 <record>
  <leader>08496nam a2200973 a 4500</leader>
  <controlfield tag="001">kal5271</controlfield>
  <controlfield tag="003">Gr-AtHEAL</controlfield>
  <controlfield tag="005">20160422071155.0</controlfield>
  <controlfield tag="006">m        d        </controlfield>
  <controlfield tag="008">160413s2015    gr      s           gre|c</controlfield>
  <datafield tag="020" ind1=" " ind2=" ">
   <subfield code="a">9789606032493</subfield>
  </datafield>
  <datafield tag="040" ind1=" " ind2=" ">
   <subfield code="a">GR-AtHEAL</subfield>
   <subfield code="b">gre</subfield>
   <subfield code="c">GR-AtHEAL</subfield>
  </datafield>
  <datafield tag="082" ind1="0" ind2="4">
   <subfield code="a">340.09</subfield>
   <subfield code="2">23</subfield>
  </datafield>
  <datafield tag="100" ind1="1" ind2=" ">
   <subfield code="a">Παπαγιάννη, Ελευθερία.</subfield>
   <subfield code="8">1770</subfield>
  </datafield>
  <datafield tag="245" ind1="1" ind2="0">
   <subfield code="a">Ιστορία δικαίου</subfield>
   <subfield code="h">[Ηλεκτρονικός πόρος] </subfield>
   <subfield code="b">Από την αρχαιότητα στο σύγχρονο ελληνικό κράτος</subfield>
   <subfield code="c">Παπαγιάννη, Ελευθερία ; κ.α ; Κριτικός αναγνώστης,Μπουρδάρα, Καλλιόπη ; Γραφιστική επιμέλεια,Παπαδόπουλος, Κυριακός ; Γλωσσική επιμέλεια,Κόλλιας, Βασίλειος-Αλέξανδρος.</subfield>
  </datafield>
  <datafield tag="260" ind1=" " ind2=" ">
   <subfield code="a">Αθήνα :</subfield>
   <subfield code="b">Σύνδεσμος Ελληνικών Ακαδημαϊκών Βιβλιοθηκών,</subfield>
   <subfield code="c">c2015.</subfield>
  </datafield>
  <datafield tag="490" ind1=" " ind2=" ">
   <subfield code="a">Ακαδημαϊκά Ηλεκτρονικά Συγγράμματα και Βοηθήματα Κάλλιπος</subfield>
   <subfield code="8">40</subfield>
  </datafield>
  <datafield tag="520" ind1=" " ind2=" ">
   <subfield code="a">Στο προτεινόμενο εγχειρίδιο Ιστορίας του Δικαίου παρουσιάζεται η πορεία των βασικών θεσμών του δημοσίου και ιδιωτικού δικαίου από την αρχαιότητα μέχρι και τον εικοστό αιώνα. Προβάλλονται οι πηγές του δικαίου της κάθε περιόδου, οι μορφές της πολιτειακής οργάνωσης και οι μηχανισμοί απονομής της δικαιοσύνης, ενώ δίνονται στοιχεία για την οργάνωση της οικογένειας και τις περιουσιακές σχέσεις. Στην αρχαιότητα παράλληλα με τις ελληνικές έννομες τάξεις πόλεων και βασιλείων, η Ρώμη αναπτύσσει δίκαιο, το οποίο και θα αποτελέσει τη βάση της νομικής επιστήμης. Το δίκαιο των ελληνικών πόλεων-κρατών διαδόθηκε μετά την εκστρατεία του Μ. Αλεξάνδρου στην ελληνιστική ανατολή. Με τη ρωμαϊκή κατάκτηση ελληνικό και ρωμαϊκό δίκαιο συναντώνται, ιδίως μετά την απονομή της ιδιότητας του ρωμαίου πολίτη σε όλους τους ελεύθερους κατοίκους της αυτοκρατορίας (212 μ.Χ.). Παράγοντες όπως η μεταφορά της πρωτεύουσας στην Κωνσταντινούπολη, η επικράτηση της ελληνικής γλώσσας στην Ανατολή και ο χριστιανισμός επέδρασαν στο μετασχηματισμό του δικαίου σε βυζαντινό, δίκαιο το οποίο επιβίωσε ακόμη και στους αιώνες της Λατινοκρατίας και της Τουρκοκρατίας. Το νεοελληνικό κράτος θεσμοθετεί την εφαρμογή του βυζαντινού δικαίου, ενώ παράλληλα εισάγει και θεσμούς σύμφωνους με τις νέες κοινωνικές απαιτήσεις και ακολουθεί ευρωπαϊκά πρότυπα. Ένα εύληπτο εγχειρίδιο Ιστορίας του Δικαίου είναι λοιπόν αναγκαίο για τους φοιτητές της νομικής, οι οποίοι με τη μελέτη της ιστορικής εξέλιξης του δικαίου μπορούν να αντιληφθούν καλύτερα τη λειτουργία σύγχρονων θεσμών. Ξεπερνά όμως τα όρια της κατάρτισης μίας ομάδας επαγγελματιών γιατί είναι χρήσιμο και σε φοιτητές άλλων κλάδων όπως της πολιτικής επιστήμης, της ιστορίας, της αρχαιολογίας, της φιλοσοφίας, της κοινωνιολογίας, της ανθρωπολογίας κ.α.. Σε όλους αυτούς τους τομείς προσφέρει ένα ερμηνευτικό εργαλείο για την κατανόηση των θεσμών και των νομικών πηγών, που αποτελούν αντικείμενο και των δικών τους μελετών</subfield>
  </datafield>
  <datafield tag="650" ind1=" " ind2="0">
   <subfield code="a">Law -- History</subfield>
   <subfield code="8">2141</subfield>
  </datafield>
  <datafield tag="653" ind1=" " ind2=" ">
   <subfield code="a">Νοταριακές πράξεις</subfield>
  </datafield>
  <datafield tag="653" ind1=" " ind2=" ">
   <subfield code="a">Δικαιοπρακτικά έγγραφα</subfield>
  </datafield>
  <datafield tag="653" ind1=" " ind2=" ">
   <subfield code="a">Κοινοτικά δικαστήρια</subfield>
  </datafield>
  <datafield tag="653" ind1=" " ind2=" ">
   <subfield code="a">Νομολογία</subfield>
  </datafield>
  <datafield tag="653" ind1=" " ind2=" ">
   <subfield code="a">Αστικός κώδικας</subfield>
  </datafield>
  <datafield tag="653" ind1=" " ind2=" ">
   <subfield code="a">Λατινοκρατία</subfield>
  </datafield>
  <datafield tag="653" ind1=" " ind2=" ">
   <subfield code="a">Οθωμανική αυτοκρατορία</subfield>
  </datafield>
  <datafield tag="653" ind1=" " ind2=" ">
   <subfield code="a">Πανδέκτες</subfield>
  </datafield>
  <datafield tag="653" ind1=" " ind2=" ">
   <subfield code="a">Εκκλησιαστικά δικαστήρια</subfield>
  </datafield>
  <datafield tag="653" ind1=" " ind2=" ">
   <subfield code="a">Αυτεξούσιοι-υπεξούσιοι</subfield>
  </datafield>
  <datafield tag="653" ind1=" " ind2=" ">
   <subfield code="a">Χριστιανισμός</subfield>
  </datafield>
  <datafield tag="653" ind1=" " ind2=" ">
   <subfield code="a">Ελεύθεροι πολίτες</subfield>
  </datafield>
  <datafield tag="653" ind1=" " ind2=" ">
   <subfield code="a">Μέτοικοι</subfield>
  </datafield>
  <datafield tag="653" ind1=" " ind2=" ">
   <subfield code="a">Πάροικοι</subfield>
  </datafield>
  <datafield tag="653" ind1=" " ind2=" ">
   <subfield code="a">Δυνατοί και πένητες</subfield>
  </datafield>
  <datafield tag="653" ind1=" " ind2=" ">
   <subfield code="a">Αυτοκρατορική ιδεολογία</subfield>
  </datafield>
  <datafield tag="653" ind1=" " ind2=" ">
   <subfield code="a">Αυτοκράτορας</subfield>
  </datafield>
  <datafield tag="653" ind1=" " ind2=" ">
   <subfield code="a">Εξάβιβλος Αρμενόπουλου</subfield>
  </datafield>
  <datafield tag="653" ind1=" " ind2=" ">
   <subfield code="a">Βασιλικά</subfield>
  </datafield>
  <datafield tag="653" ind1=" " ind2=" ">
   <subfield code="a">Νεαρές Ιουστινιανού</subfield>
  </datafield>
  <datafield tag="653" ind1=" " ind2=" ">
   <subfield code="a">Εκλογή των Ισαύρων</subfield>
  </datafield>
  <datafield tag="653" ind1=" " ind2=" ">
   <subfield code="a">Ιουστινιανός</subfield>
  </datafield>
  <datafield tag="653" ind1=" " ind2=" ">
   <subfield code="a">Σύγλητος</subfield>
  </datafield>
  <datafield tag="653" ind1=" " ind2=" ">
   <subfield code="a">Ήδικτα</subfield>
  </datafield>
  <datafield tag="653" ind1=" " ind2=" ">
   <subfield code="a">Συμβάσεις</subfield>
  </datafield>
  <datafield tag="653" ind1=" " ind2=" ">
   <subfield code="a">Διαθήκη</subfield>
  </datafield>
  <datafield tag="653" ind1=" " ind2=" ">
   <subfield code="a">Υιοθεσία</subfield>
  </datafield>
  <datafield tag="653" ind1=" " ind2=" ">
   <subfield code="a">Προίκα</subfield>
  </datafield>
  <datafield tag="653" ind1=" " ind2=" ">
   <subfield code="a">Δουλεία</subfield>
  </datafield>
  <datafield tag="653" ind1=" " ind2=" ">
   <subfield code="a">Γάμος</subfield>
  </datafield>
  <datafield tag="653" ind1=" " ind2=" ">
   <subfield code="a">Ανθρωποκτονία</subfield>
  </datafield>
  <datafield tag="653" ind1=" " ind2=" ">
   <subfield code="a">Κωνσταντινούπολη</subfield>
  </datafield>
  <datafield tag="653" ind1=" " ind2=" ">
   <subfield code="a">Ρώμη</subfield>
  </datafield>
  <datafield tag="653" ind1=" " ind2=" ">
   <subfield code="a">Σπάρτη</subfield>
  </datafield>
  <datafield tag="653" ind1=" " ind2=" ">
   <subfield code="a">Αθήνα</subfield>
  </datafield>
  <datafield tag="653" ind1=" " ind2=" ">
   <subfield code="a">Νομοθεσία</subfield>
  </datafield>
  <datafield tag="653" ind1=" " ind2=" ">
   <subfield code="a">Νομοθέτες</subfield>
  </datafield>
  <datafield tag="653" ind1=" " ind2=" ">
   <subfield code="a">Δικανικοί λόγοι</subfield>
  </datafield>
  <datafield tag="653" ind1=" " ind2=" ">
   <subfield code="a">Αρχαία ελληνικά δίκαια</subfield>
  </datafield>
  <datafield tag="653" ind1=" " ind2=" ">
   <subfield code="a">Ρωμαϊκό δίκαιο</subfield>
  </datafield>
  <datafield tag="653" ind1=" " ind2=" ">
   <subfield code="a">Μεταβυζαντινό δίκαιο</subfield>
  </datafield>
  <datafield tag="653" ind1=" " ind2=" ">
   <subfield code="a">Βυζαντινό δίκαιο</subfield>
  </datafield>
  <datafield tag="653" ind1=" " ind2=" ">
   <subfield code="a">Νομική επιστήμη</subfield>
  </datafield>
  <datafield tag="653" ind1=" " ind2=" ">
   <subfield code="a">Περιουσία</subfield>
  </datafield>
  <datafield tag="653" ind1=" " ind2=" ">
   <subfield code="a">Κοινωνία</subfield>
  </datafield>
  <datafield tag="653" ind1=" " ind2=" ">
   <subfield code="a">Οικογένεια</subfield>
  </datafield>
  <datafield tag="653" ind1=" " ind2=" ">
   <subfield code="a">Απονομή δικαιοσύνης</subfield>
  </datafield>
  <datafield tag="653" ind1=" " ind2=" ">
   <subfield code="a">Πολιτειακή οργάνωση</subfield>
  </datafield>
  <datafield tag="653" ind1=" " ind2=" ">
   <subfield code="a">Νομικές πηγές</subfield>
  </datafield>
  <datafield tag="653" ind1=" " ind2=" ">
   <subfield code="a">Νομικές επιστήμες</subfield>
   <subfield code="a">Γενική θεωρία και μέθοδοι</subfield>
   <subfield code="a">Ιστορία του δικαίου</subfield>
   <subfield code="a">Ρωμαϊκό δίκαιο</subfield>
  </datafield>
  <datafield tag="653" ind1=" " ind2=" ">
   <subfield code="a">Νομικές επιστήμες</subfield>
   <subfield code="a">Γενική θεωρία και μέθοδοι</subfield>
   <subfield code="a">Ιστορία του δικαίου</subfield>
   <subfield code="a">Βυζαντινό δίκαιο</subfield>
  </datafield>
  <datafield tag="653" ind1=" " ind2=" ">
   <subfield code="a">Νομικές επιστήμες</subfield>
   <subfield code="a">Γενική θεωρία και μέθοδοι</subfield>
   <subfield code="a">Ιστορία του δικαίου</subfield>
   <subfield code="a">Αρχαίο ελληνικό δίκαιο</subfield>
  </datafield>
  <datafield tag="653" ind1=" " ind2=" ">
   <subfield code="a">Νομικές επιστήμες</subfield>
   <subfield code="a">Γενική θεωρία και μέθοδοι</subfield>
   <subfield code="a">Ιστορία του δικαίου</subfield>
  </datafield>
  <datafield tag="700" ind1="1" ind2=" ">
   <subfield code="a">Χέλμης, Ανδρέας</subfield>
   <subfield code="e">Συγγραφέας</subfield>
   <subfield code="8">1785</subfield>
  </datafield>
  <datafield tag="700" ind1="1" ind2=" ">
   <subfield code="a">Χατζάκης, Ιωάννης</subfield>
   <subfield code="e">Συγγραφέας</subfield>
   <subfield code="8">1786</subfield>
  </datafield>
  <datafield tag="700" ind1="1" ind2=" ">
   <subfield code="a">Λιαρμακόπουλος, Αλέξανδρος</subfield>
   <subfield code="e">Συγγραφέας</subfield>
   <subfield code="8">1787</subfield>
  </datafield>
  <datafield tag="700" ind1="1" ind2=" ">
   <subfield code="a">Καράμπελας, Δημήτρης</subfield>
   <subfield code="e">Συγγραφέας</subfield>
   <subfield code="8">1788</subfield>
  </datafield>
  <datafield tag="700" ind1="1" ind2=" ">
   <subfield code="a">Δημοπούλου, Αθηνά</subfield>
   <subfield code="e">Συγγραφέας</subfield>
   <subfield code="8">1789</subfield>
  </datafield>
  <datafield tag="700" ind1="1" ind2=" ">
   <subfield code="a">Αρναούτογλου, Ηλίας</subfield>
   <subfield code="e">Συγγραφέας</subfield>
   <subfield code="8">1790</subfield>
  </datafield>
  <datafield tag="700" ind1="1" ind2=" ">
   <subfield code="a">Μπουρδάρα, Καλλιόπη</subfield>
   <subfield code="e">Κριτικός αναγνώστης</subfield>
   <subfield code="8">1777</subfield>
  </datafield>
  <datafield tag="856" ind1="4" ind2="0">
   <subfield code="u">http://hdl.handle.net/11419/5271</subfield>
   <subfield code="z">Πλήρες Κείμενο - Full text</subfield>
  </datafield>
  <datafield tag="907" ind1=" " ind2=" ">
   <subfield code="a">.b25677688</subfield>
   <subfield code="b">12-06-18</subfield>
   <subfield code="c">29-07-16</subfield>
  </datafield>
  <datafield tag="949" ind1=" " ind2=" ">
   <subfield code="0">0</subfield>
   <subfield code="1">0</subfield>
   <subfield code="2">ddc</subfield>
   <subfield code="4">0</subfield>
   <subfield code="6">340_090000000000000_ΠΑΠ</subfield>
   <subfield code="7">0</subfield>
   <subfield code="8">KALL</subfield>
   <subfield code="8">526</subfield>
   <subfield code="d">2016-04-13</subfield>
   <subfield code="r">2016-04-13</subfield>
   <subfield code="w">2016-04-13</subfield>
   <subfield code="z">340.09 ΠΑΠ</subfield>
   <subfield code="o">SEAB KALLIPOS</subfield>
  </datafield>
  <datafield tag="998" ind1=" " ind2=" ">
   <subfield code="a">80</subfield>
   <subfield code="a">01</subfield>
   <subfield code="a">02</subfield>
   <subfield code="a">03</subfield>
   <subfield code="a">04</subfield>
   <subfield code="a">05</subfield>
   <subfield code="a">06</subfield>
   <subfield code="a">07</subfield>
   <subfield code="a">08</subfield>
   <subfield code="a">09</subfield>
   <subfield code="a">10</subfield>
   <subfield code="a">11</subfield>
   <subfield code="a">12</subfield>
   <subfield code="a">13</subfield>
   <subfield code="a">14</subfield>
   <subfield code="a">15</subfield>
   <subfield code="a">16</subfield>
   <subfield code="a">17</subfield>
   <subfield code="a">18</subfield>
   <subfield code="a">19</subfield>
   <subfield code="a">20</subfield>
   <subfield code="a">21</subfield>
   <subfield code="a">22</subfield>
   <subfield code="a">23</subfield>
   <subfield code="a">24</subfield>
   <subfield code="a">25</subfield>
   <subfield code="a">26</subfield>
   <subfield code="b">10-05-16</subfield>
   <subfield code="c">m</subfield>
   <subfield code="d">z  </subfield>
   <subfield code="e">-</subfield>
   <subfield code="f">gre</subfield>
   <subfield code="g">gr </subfield>
   <subfield code="h">0</subfield>
  </datafield>
  <datafield tag="942" ind1=" " ind2=" ">
   <subfield code="2">ddc</subfield>
   <subfield code="c">KALLIPOS</subfield>
  </datafield>
 </record>
</collection>
